Normal view
MARC view
Entry Meeting Name
001 - CONTROL NUMBER
- control field: 13232
003 - CONTROL NUMBER IDENTIFIER
- control field: ARRUPE
005 - DATE AND TIME OF LATEST TRANSACTION
- control field: 20141210133435.0
008 - FIXED-LENGTH DATA ELEMENTS
- fixed length control field: 141210|| aca||aabn | a|a d
040 ## - CATALOGING SOURCE
- Original cataloging agency: ARRUPE
- Transcribing agency: ARRUPE
111 ## - HEADING--MEETING NAME
- Meeting name or jurisdiction name as entry element: Colloque international d'histoire monastique
- Date of meeting: (1976 :
- Location of meeting: Reims, France, and Saint-Thierry, France)
670 ## - SOURCE DATA FOUND
- Source citation: Work cat.: (ARRUPE)0: Colloque international d'histoire monastique (1976 : Reims, France, and Saint-Thierry, France), William, Abbot of St. Thierry :, c1987.